International relations (Record no. 141603)

MARC details
000 -LEADER
fixed length control field 00499nam a2200193Ia 4500
003 - CONTROL NUMBER IDENTIFIER
control field OSt
005 - DATE AND TIME OF LATEST TRANSACTION
control field 20250821093217.0
008 - FIXED-LENGTH DATA ELEMENTS--GENERAL INFORMATION
fixed length control field 210210b2009 xxu||||| |||| 00| 0 eng d
040 ## - CATALOGING SOURCE
Transcribing agency AL
041 ## - LANGUAGE CODE
Language code of text/sound track or separate title eng
082 ## - DEWEY DECIMAL CLASSIFICATION NUMBER
Classification number 327 APPI
100 ## - MAIN ENTRY--PERSONAL NAME
Personal name Parvathy Appaiah
9 (RLIN) 236739
245 ## - TITLE STATEMENT
Title International relations
Remainder of title : theory and concepts
260 ## - PUBLICATION, DISTRIBUTION, ETC.
Place of publication, distribution, etc. Mangalore
Name of publisher, distributor, etc. Jai Bharat Prakashana
Date of publication, distribution, etc. 2009
300 ## - PHYSICAL DESCRIPTION
Extent iv,144+8p.
690 ## - LOCAL SUBJECT ADDED ENTRY--TOPICAL TERM (OCLC, RLIN)
Topical term or geographic name as entry element International Economics
9 (RLIN) 236745
906 ## - LOCAL DATA ELEMENT F, LDF (RLIN)
a 064889
942 ## - ADDED ENTRY ELEMENTS (KOHA)
Source of classification or shelving scheme Dewey Decimal Classification
Koha item type Book
Holdings
Withdrawn status Lost status Damaged status Not for loan Collection code Home library Current library Shelving location Date acquired Source of acquisition Cost, normal purchase price Total Checkouts Full call number Barcode Date last seen Date last checked out Price effective from Koha item type
          St Aloysius Library St Aloysius Library   02/17/2021 Biblios Book Point, Surathkal-575014 75.00 6 327 APPI 064889 06/30/2025 06/27/2025 02/17/2021 Book